[Event "Tata Steel-A 78th"]
[Site "Wijk aan Zee"]
[Date "2016.01.18"]
[Round "3"]
[White "Caruana, Fabiano"]
[Black "Adams, Michael"]
[Result "1-0"]
[WhiteElo "2787"]
[BlackElo "2744"]
[Annotator "Krasenkow,Michal"]
[PlyCount "127"]
[EventDate "2016.01.16"]
[EventType "tourn"]
[EventRounds "13"]
[EventCountry "NED"]
[EventCategory "20"]
[SourceTitle "CBM 171"]
[Source "ChessBase"]
[SourceDate "2016.03.14"]
[SourceVersion "2"]
[SourceVersionDate "2016.03.14"]
[SourceQuality "1"]

1. d4 Nf6 2. c4 e6 3. Nc3 Bb4 4. Nf3 b6 5. e3 Bb7 6. Bd3 O-O 7. O-O d5 8. cxd5 exd5 9. Ne5 Nbd7 10. f4 {The so-called "Pillsbury setup".} c5 11. Ne2 {White brings another knight to the kingside and leaves Black's b4-bishop "empty-handed".} (11. Bd2 {[%cal Yd2e1,Ye1h4] is simpler and frequently played but in that case Black can reply} Ne4) ({RR} 11. Bd2 Ne4 12. Nxe4 dxe4 13. Bc4 Bxd2 14. Qxd2 Nxe5 15. fxe5 Bd5 16. b3 cxd4 17. exd4 Rc8 18. Rac1 Bxc4 19. bxc4 f6 20. exf6 Rxf6 21. Rxf6 Qxf6 22. Qe3 Qe6 23. d5 Qe5 24. a4 h6 25. h3 Rc5 {Guo Qi (2362)-Zhai Mo (2348) Fuling CHN 2024 ½-½}) 11... c4 {An aggressive, double-edged continuation.} ({The solid} 11... cxd4 {was played in the stem game Jussupow-Timman (see below). Still, White keeps a tiny edge in that case, mostly due to the poor position of Black's d7-knight:} 12. exd4 Be7 (12... a6 13. Ng3 Re8 14. Be3 Bf8 15. h4 (15. a4 $1 $14) 15... b5 16. h5 Rc8 17. Qf3 Rc7 18. Rad1 Ne4 $1 $13 {1/2 (44) Jussupow,A (2605)-Timman,J (2630) Linares 1991 CBM 022 [Schussler]}) (12... Ne4 13. Qa4 Nxe5 14. fxe5 $14 Be7 15. Nf4 (15. Ng3 $5) 15... Bg5 16. Qb3 Rc8 17. Be3 Kh8 18. Rae1 Bxf4 19. Rxf4 Qe7 {1/2 (20) Giffard,N (2353)-Moskalenko,V (2543) Banyoles 2006}) (12... Bd6 13. Ng3 Ne4 14. Nf5 Ndf6 15. g4 Bc8 16. Ne3 $36 Bxe5 $6 17. fxe5 Ne8 18. Qf3 Bb7 19. b3 $16 {1-0 (24) Vaisser,A (2540)-Hohler,P (2218) Kamena Vourla 2012}) 13. Ng3 (13. Be3 Ne4 14. Rc1 Ndf6 15. Qb3 Bd6 16. Ng3 Nxg3 17. hxg3 Qe7 18. Rc2 Rfc8 19. Rfc1 g6 $11 {1/2 (45) Lysyj,I (2684)-Efimenko,Z (2641) Bilbao 2014}) 13... Ne4 14. Nf5 Bf6 15. Qg4 Kh8 16. Bxe4 dxe4 17. Nd6 Bd5 {1/2 (31) Danner,G (2415)-Biro,A (2395) Budapest 1985} 18. Qxd7 Bxe5 19. Nxf7+ Rxf7 20. Qxd8+ Rxd8 21. dxe5 $14) 12. Bf5 (12. Bc2 b5 13. b3 (13. Bd2 Be7 14. Ng3 Re8 15. Qf3 Bf8 16. Rac1 Nb6 17. Ba5 Ne4 $132 {0-1 (36) Iljiushenok,I (2422)-Shimanov,A (2549) Moscow 2012}) 13... Nb6 14. Rb1 Qe7 $13 (14... Be7 $143 15. bxc4 bxc4 16. a4 Qc7 17. Nc3 Nc8 18. Nb5 Qd8 19. Rf3 a6 20. Nc3 Nd6 21. Rh3 $40 {0-1 (53) Georgiev,V (2554)-Rosen,E (2414) Saint Louis 2015})) ({RR} 12. Bc2 Ne8 13. Rf3 Ndf6 14. Nc3 Bc8 15. Nc6 Qd6 16. Nxb4 Qxb4 17. h3 Bb7 18. Bd2 Qe7 19. Be1 Qd7 20. f5 b5 21. Bg3 Bc6 22. Be5 Ne4 23. f6 gxf6 24. Bf4 Kh8 25. Bxe4 dxe4 26. Rg3 b4 {Navara,D (2741)-Kryvoruchko,Y (2711) Linares 2018 1-0 (89)}) 12... g6 $146 ({The immediate} 12... b5 {was quite good, too:} 13. b3 Nb6 14. Rb1 Qd6 15. Ng3 Rfe8 16. Qc2 Bc8 17. bxc4 Nxc4 $11 18. e4 $2 dxe4 19. Nxc4 bxc4 20. Qxc4 a5 {0-1 (26) Gschnitzer,O (2475)-Piskov,Y (2520) Germany 1993}) ({RR} 12... b5 13. b3 Nb6 14. Rb1 Qd6 15. Ng3 Rfe8 16. Qc2 Bc8 17. bxc4 Nxc4 18. e4 dxe4 19. Nxc4 bxc4 20. Qxc4 a5 21. Rd1 Ba6 22. Qb3 Bd3 23. Be3 Nd5 24. Rxd3 exd3 25. Ne4 Qd8 26. Qxd3 g6 {0-1 (26) Gschnitzer,O (2475)-Piskov,Y (2520) Germany 1993}) ({RR} 12... b5 13. Ng3 g6 14. Bc2 Ne4 15. Bxe4 dxe4 16. Qg4 f5 17. Nxf5 Nxe5 18. fxe5 Rxf5 19. Rxf5 Bc8 20. e6 Bxe6 21. Rf8+ Qxf8 22. Qxe6+ Qf7 23. Qxf7+ Kxf7 24. a4 a5 25. axb5 Ke6 26. Kf2 Rb8 27. Ke2 {Cardoso Cardoso,J (2006)-Sadusea,J (2115) Medellin 2016 0-1 (49)}) 13. Qa4 {That was probably White's idea behind 12.f5. However, Black obtains a good position after the bishop exchange.} ({In the event of} 13. Bc2 {White's previous move doesn't make much sense:} b5 14. f5 $6 Bd6 $1 {is favourable for Black.}) 13... gxf5 14. Qxb4 Ne4 15. a4 f6 16. Nf3 Nb8 $1 {[%mdl 32] Finally activating this knight.} 17. Qe1 Nc6 18. Bd2 Kh8 19. Nh4 Qd7 20. Nc3 {White must get rid of Black's strong knight.} Rae8 21. Nxe4 Rxe4 {Black's position is more active but it is not easy to break up White's defences. Black's doubled f-pawns complicate his task.} 22. Qd1 Rg8 23. Qh5 Bc8 24. Rf3 Qe8 25. Qh6 Qf7 26. b4 $6 {White anticipates Black's plan ...a7-a6, ...b6-b5 etc. and tries to seal the queenside. However, this plan has a tactical drawback.} Ne7 {[%cal Rg8g7,Re7g8]} ({Of course, after} 26... cxb3 27. Rb1 {[%cal Yb1b3] the opening of the c-file is a big plus for White.}) 27. Rh3 Rg4 ({Black misses a good moment to play} 27... c3 $1 28. Bc1 (28. Bxc3 $2 Rg4 29. Nf3 Ng8 30. Qh5 Qxh5 31. Rxh5 Rxe3) (28. Be1 Bd7 29. Rc1 Rg7 30. Nf3 Rxe3) 28... Bd7 $15 {[%cal Yg8c8] , and the c3-pawn will play an important role.}) 28. Nf3 Bd7 ({Now after} 28... c3 29. Bc1 {the c3-pawn is rather vulnerable, and White obtains counterplay, e.g.} Bd7 (29... Ng8 30. Qh5 Qxh5 31. Rxh5 Rg7 {[%cal Yg7c7]} 32. Nh4) 30. Ra3 Be8 {[%cal Re7g8]} 31. Rg3 Ng8 32. Qh3 {[%cal Gh3f5]}) 29. Kf2 Be8 30. Rg3 Ng8 31. Qh3 Bd7 32. b5 Re8 33. Ng1 {White starts improving his position. When his knight comes to c3, a4-a5 will be possible. Black parries that idea.} a5 34. bxa6 $1 ({Of course, otherwise White is completely passive, and Black can do whatever he wants, e.g.} 34. Ne2 Ne7 {[%cal Ye7c8,Yc8d6]}) 34... Ra8 35. Ne2 Rxa6 36. Bb4 Kg7 {A careless move. Black was still out of danger after} (36... b5 $1 37. a5 Ne7 {, and White defends carefully by} 38. Be1 Nc6 39. Rb1) 37. Nc3 h5 $6 {This pawn will be vulnerable.} (37... Nh6 $11) 38. Kg1 (38. Rf3 $5) 38... Nh6 $6 {Black misses a tactical opportunity:} (38... Bxa4 $1 39. Rxa4 (39. Nxa4 $2 Qe8) 39... Rxa4 40. Nxa4 Qa7 41. Nc3 $1 Qa1+ 42. Kf2 Qb2+ 43. Ne2 Qxb4 44. Qxh5 $13) 39. Rf3 $1 {This rook joins White's queenside action while Black can't achieve anything on the kingside.} Ra8 $6 ({Solid defence like} 39... Bc6 40. Rf2 Qe8 {was required.}) 40. Rf2 Kh7 41. Qf3 Bc6 42. Rb2 h4 43. Ba3 Rag8 44. Kh1 Ba8 45. Rg1 {Black's attack is over.} Qe6 46. Rb5 R4g7 47. Bc1 Rg6 48. Bd2 R8g7 49. Rb2 Nf7 50. h3 Rg3 51. Qh5+ Nh6 52. Qxh4 {The ill-fated pawn has fallen, and White converts his advantage.} Qg8 53. Be1 R3g6 (53... Rxe3 54. Rxb6) 54. Qh5 (54. Rxb6 $142 $1 Rxg2 55. Rxg2 Rxg2 56. Bf2 $18 {but the text move finally leads to a victory, too.}) 54... Re7 55. Bf2 Reg7 56. Qf3 Qd8 57. Bh4 Qd6 58. Rgb1 Qa3 59. Be1 Qe7 60. g3 Nf7 61. Rxb6 Rh6 62. Ra6 Qe8 63. Kg2 Qc8 64. Rbb6 1-0

[Event "Candidates Tournament"]
[Site "Ekaterinburg"]
[Date "2020.03.18"]
[Round "2"]
[White "Caruana, Fabiano"]
[Black "Alekseenko, Kirill"]
[Result "1-0"]
[WhiteElo "2842"]
[BlackElo "2698"]
[Annotator "Krasenkow,Michal"]
[PlyCount "67"]
[EventDate "2020.03.15"]
[EventType "tourn"]
[EventRounds "14"]
[EventCountry "RUS"]
[EventCategory "21"]
[SourceTitle "CBM 202"]
[Source "ChessBase"]
[SourceDate "2021.05.27"]
[SourceVersion "1"]
[SourceVersionDate "2021.05.27"]
[SourceQuality "1"]

1. d4 Nf6 2. c4 e6 3. Nc3 Bb4 4. f3 d5 5. a3 Be7 6. e4 dxe4 7. fxe4 c5 (7... e5 {is played more often in this system.}) 8. d5 exd5 (8... O-O $5 9. Bd3 (9. Nf3 {looks more to the point}) 9... Bd6 10. Bg5 Nbd7 11. Nf3 exd5 12. Nxd5 h6 13. Bh4 Qa5+ 14. Qd2 Qxd2+ 15. Kxd2 Ng4 $11 {1/2 (19) So,W (2763)-Karjakin,S (2748) Riga 2019}) 9. exd5 (9. cxd5 Bd6 {is satisfactory for Black, e.g.} 10. Bb5+ Nbd7 11. Bg5 O-O 12. Nf3 Qc7 13. Bxd7 Nxd7 14. O-O a6 15. a4 b6 16. h3 Re8 $13 {0-1 (51) Tabatabaei,M (2566)-Maghsoodloo,P (2560) Teheran 2017}) 9... O-O 10. Be2 (10. Bf4 Re8 11. Be2 Bg4 12. Qd2 Nh5 13. Be3 $6 Bd6 $1 14. O-O-O Rxe3 15. Bxg4 Rxc3+ 16. Qxc3 Qg5+ $19 {0-1 (32) Volkov,S (2645)-Vitiugov,N (2722) St Petersburg 2017}) (10. Nf3 Bg4 $5 (10... Re8 11. Be2 {- game}) 11. Be2 (11. h3 $5 Bxf3 (11... Bh5 $5) 12. Qxf3 Bd6 13. Be2 Nbd7 14. O-O a6 (14... Be5 $5) 15. g4 h6 16. h4 Qe7 17. g5 $36 {1/2 (45) Braun,A (2574)-Schramm,C (2368) Germany 2017}) 11... Bd6 (11... Bxf3 $5 12. Bxf3 Bd6 13. O-O Nbd7 14. g3 a6 15. Bg2 Re8 16. Bf4 Qb6 $11 {1/2 (82) Smirnov,A (2416)-Ter Sahakyan,S (2623) St Petersburg 2019}) 12. O-O (12. Nb5 $6 Bxf3 13. Bxf3 Re8+) 12... Nbd7 (12... Bxf3 13. Rxf3 $5 Nbd7 14. Rh3 Re8 15. Bd3 Be5 $132 {1-0 (94) Polak,T (2527)-Menezes,C (2423) Blansko 2019}) 13. Bg5 (13. Ng5 Bxe2 14. Qxe2 Re8 15. Qc2 h6 16. Nf3 Ne5 17. Nxe5 Bxe5 {1/2 (17) Volkov,S (2547)-Turov,M (2575) Hell 2019}) (13. h3 Bxf3 14. Rxf3 Qe7 15. Bg5 Rae8 16. Qd2 Qe5 17. Bf4 Qe7 18. Bg5 Qe5 19. Bf4 {1/2 (19) Goryachkina,A (2493)-Oparin,G (2607) Moscow 2018}) 13... Re8 14. Qd2 Qb8 15. h3 Bh5 16. Bd3 h6 17. Be3 {0-1 (54) Tsvetkov,A (2350)-Najer,E (2661) Moscow RUS 2019} Bg3 $13) 10... Re8 ({In case of} 10... Bd6 {White gets an additional opportunity:} 11. Nb5 $5 a6 (11... Re8 12. Nf3 Bg4 13. O-O a6 14. Nxd6 Qxd6 15. b3 Nbd7 16. Qd2 Re7 17. Bb2 Ne4 18. Qc2 $14 {1/2 (23) Lashkin,J (2368)-Iordachescu,V (2602) Chisinau MDA 2020}) 12. Nxd6 Qxd6 13. Nf3 Bg4 14. O-O Nbd7 15. Nh4 (15. b3 $5 {deserves attention here, too}) 15... Bxe2 16. Qxe2 Rae8 17. Qf3 {1-0 (30) Matlakov,M (2710)-Predke,A (2650) Izhevsk 2019} Qe5 $132) 11. Nf3 Bg4 12. O-O Nbd7 (12... Bd6 13. Nb5 $5 {- see 10...Bd6} (13. h3 Bh5 (13... Bxf3 $5) 14. Bg5 Nbd7 15. Qc2 a6 16. Bd3 Qc7 17. Nh4 Bg6 18. Nf5 Bxf5 19. Bxf5 Be5 $11 {1/2 (27) Costachi,M (2484)-Haug,J (2391) Porto Carras 2018})) 13. d6 {An aggressive continuation, preventing the blockading move ...Be7-d6 once and for all.} (13. Bg5 h6 14. Bh4 Bd6 15. Qc2 Qb8 16. h3 (16. Kh1 Bh5 17. Nb5 $2 {0-1 (55) Lombaers,P (2383)-Schoppen,C (2489) Leiden NED 2020} Bxh2 $17) 16... Bh5 17. Bd3 {0-1 (45) Ragnarsson,J (1968)-Gower,S (2069) Akureyri 2019} Bg3 {looks satisfactory for Black}) 13... Bf8 14. h3 Bh5 15. Nb5 ({RR} 15. Bf4 Qb6 16. b3 Rad8 17. Ra2 h6 18. a4 Bxf3 19. Bxf3 Ne5 20. Nb5 Bxd6 21. a5 Qa6 22. Rd2 Nxf3+ 23. Rxf3 Ne4 24. Nxd6 Nxd2 25. Qxd2 Re6 26. Rd3 b6 27. Nf5 Rxd3 28. Qxd3 Qb7 29. Qd5 Qxd5 {Nepomniachtchi,I (2784)-Karjakin,S (2752) Moscow 2020 1-0 (32)}) 15... Re6 $6 {Not the most useful move.} ({Chesspro.ru recommends} 15... Qb6 $5 16. Nc7 Bxd6 17. Nxa8 Rxa8 $44) ({or} 15... Rb8 $5 16. Nc7 (16. Nxa7 $6 Bxd6 17. Qxd6 Rxe2) (16. Bf4 a6 17. Nc7 Re4 {is more favourable for Black than the game.}) 16... Re4 17. Bd3 Bxd6 18. Bxe4 Qxc7 $44) 16. Bf4 a6 $146 (16... Re4 17. Qd2 Nb6 18. Rad1 $1 Nxc4 19. Bxc4 Rxc4 20. Be5 $36) ({RR} 16... Re4 17. Qd2 Qb6 18. Bd3 Rxf4 19. Qxf4 a6 20. Nc3 Bxd6 21. Qd2 Rd8 22. Rad1 Bxf3 23. Rxf3 Be5 24. Nd5 Nxd5 25. cxd5 Bd4+ 26. Kh1 Ne5 27. Rff1 Qxb2 28. Qg5 Rf8 29. Qe7 Nxd3 30. Rxd3 Qb5 31. Rdf3 {Tsvetkov,A (2395)-Deac,B (2625) Chess.com INT 2020 1-0 (42)}) 17. Nc7 Re4 18. Bh2 (18. Qd2 $142 $5 {[%cal Ya1d1]}) 18... Rc8 19. g4 {This move, provoking a piece sacrifice, leads to an absolutely crazy position.} (19. Bd3 Bxf3 20. Qxf3 Ne5 $1) (19. Qc2 Ne5 $1 (19... Bxd6 20. Bxd6 Rxc7 21. Bxc7 Qxc7 22. Bd3 $16) 20. Bxe5 Bxf3 21. Bxf6 Rxe2 22. Qxe2 Bxe2 23. Bxd8 Rxd8 24. Rf4 $1 Bxd6 25. Re4 {was probably the best way for White to keep winning chances. If} Bxc4 {then} 26. Rd1 $1 Be6 27. Nxe6 fxe6 28. Rf1 $14) 19... Bxg4 {[%mdl 512]} (19... Nxg4 20. hxg4 Rxg4+ 21. Kh1 Rg6 22. Rf2 $1 {, and White should successfully consolidate his position, although the practical result is highly uncertain.}) 20. hxg4 Nxg4 (20... Rxg4+ $5 21. Kh1 Ne4) 21. Bd3 $1 Nxh2 22. Bxe4 Nxf1 23. Qxf1 Bxd6 (23... Nf6 $1 $14 {[%cal Rf6e4,Yd8d6] was much stronger.} 24. Bxb7 $2 {is bad in that case as after} Rb8 25. Bd5 Qxd6 {White loses a piece.}) 24. Nd5 g6 25. Qh3 $16 {[%mdl 128] Black has 3 pawns for a knight but White gets a strong attack on the kingside.} Kg7 26. Kh1 Ne5 27. Nh4 $1 {White avoids exchanges, of course.} h5 $2 {A strange move, further weakening Black's position.} (27... Nxc4 28. Nf5+ $1 Kh8 29. Rf1 $18 {[%cal Rf5h6]}) ({Something like} 27... Rc6 28. Rg1 Bf8 $16 {was relatively better.}) 28. Rg1 $18 {} Bf8 29. Nf4 (29. Nxg6 $5 fxg6 30. Nf4 Ng4 31. Nxh5+) 29... Ng4 30. Nxh5+ $1 gxh5 31. Bf5 Be7 32. Bxg4 hxg4 33. Qxg4+ Bg5 34. Qh5 1-0

[Event "Titled Tue 2nd May Early"]
[Site "chess.com INT"]
[Date "2023.05.02"]
[Round "11"]
[White "Caruana, F.."]
[Black "Andreikin, D.."]
[Result "1-0"]
[WhiteElo "2764"]
[BlackElo "2729"]
[PlyCount "55"]
[EventDate "2023.05.02"]

1. d4 Nf6 2. c4 e6 3. Nc3 Bb4 4. e3 b6 5. Nge2 Bb7 6. a3 Be7 7. f3 ({RR} 7. b4 a5 8. b5 d6 9. Ng3 h5 10. Be2 h4 11. Bf3 Qc8 12. Nge4 Nxe4 13. Nxe4 Nd7 14. h3 f5 15. Nc3 Nf6 16. O-O d5 17. Bb2 Qd7 18. Rc1 O-O 19. c5 bxc5 20. dxc5 c6 21. Na4 Qe8 {Speelman,J (2630)-Kengis,E (2575) London 1991 ½-½ (55)}) 7... c5 ({RR} 7... d5 8. Ng3 h5 9. Bd3 h4 10. Nge2 h3 11. Nf4 hxg2 12. Nxg2 Bd6 13. h3 Bg3+ 14. Ke2 c5 15. cxd5 cxd4 16. Bb5+ Nbd7 17. Qxd4 Be5 18. Qd3 O-O 19. b4 Nh5 20. Rd1 Rc8 21. Bb2 exd5 22. Rac1 {Souza,G (1947)-Abad Huaman,A (2042) chess.com INT 2025 0-1 (43)}) 8. d5 exd5 $146 ({RR} 8... d6 9. e4 O-O 10. Nf4 exd5 11. Nfxd5 Nc6 12. Bd3 Nd4 13. O-O Nxd5 14. exd5 Bf6 15. Ne4 g6 16. Rb1 Re8 17. Bf4 Be5 18. Qd2 Nb3 19. Qd1 Bxf4 20. Qxb3 f5 21. Nc3 Re3 22. Qc2 Qg5 23. Rbe1 {Ozates,T (2228)-Arnold,K Chess.com INT 2022 1-0 (53)}) 9. cxd5 b5 10. d6 Bf8 11. Nxb5 Na6 12. Nec3 g6 13. Bc4 Bg7 14. O-O O-O 15. e4 Kh8 16. Be3 Ng8 17. Qd2 f5 18. exf5 Rxf5 19. Rae1 Qh4 20. b3 Be5 21. f4 Rh5 22. h3 Qg3 23. fxe5 Rxh3 24. Bf4 Qg4 25. e6 h5 26. Be5+ Nf6 27. Qh6+ Kg8 28. e7+ 1-0

[Event "Titled Tue 16th Jul Late"]
[Site "chess.com INT"]
[Date "2024.07.16"]
[Round "8"]
[White "Caruana, F.."]
[Black "Anton Guijarro, D.."]
[Result "1-0"]
[WhiteElo "2796"]
[BlackElo "2669"]
[PlyCount "127"]
[EventDate "2024.07.16"]

1. c4 e6 2. Nc3 d5 3. d4 Bb4 4. cxd5 exd5 5. a3 Bxc3+ 6. bxc3 Nf6 7. e3 Bf5 8. Ne2 ({RR} 8. f3 Nc6 9. Ra2 h5 10. Bd3 Qd7 11. Ne2 O-O-O 12. O-O Bxd3 13. Qxd3 Na5 14. h4 Rhe8 15. Ng3 Qc6 16. Re2 Kb8 17. e4 dxe4 18. fxe4 Ng4 19. Rxf7 Ne5 20. d5 Nxf7 21. Nf5 Qc4 22. Qxc4 Nxc4 {Andreikin,D (2724)-Bluebaum,M (2642) Chess.com INT 2022 0-1 (45)}) 8... O-O 9. Ng3 Bg6 10. h4 ({RR} 10. Bd3 c5 11. O-O Re8 12. f3 Nbd7 13. Ra2 Qa5 14. Bxg6 hxg6 15. Bd2 Qa6 16. Re1 Rac8 17. e4 cxd4 18. cxd4 dxe4 19. fxe4 Qd3 20. Qa4 Rc4 21. Qxa7 Qb3 22. Raa1 Ra4 23. Rab1 Qc2 24. Ba5 b6 {Volkov,S (2413)-Anton Guijarro,D (2663) chess.com INT 2025 0-1 (37)}) 10... h5 $146 ({RR} 10... h6 11. h5 Bh7 12. Bd3 c5 13. Bxh7+ Kxh7 14. O-O Nc6 15. dxc5 Ne5 16. Qd4 Re8 17. Rb1 Qc7 18. a4 Rad8 19. Qf4 Rd7 20. e4 Kg8 21. Be3 Qc6 22. Bd4 Nd3 23. exd5 Nxf4 24. dxc6 bxc6 25. a5 {Dai,C (2496)-Zhao Jun (2591) Xinghua CHN 2023 ½-½ (50)}) 11. Bd3 c5 12. Bxg6 fxg6 13. f3 Nc6 14. Qd3 Kh7 15. O-O Rc8 16. Rb1 Na5 17. Ne2 c4 18. Qc2 Ng8 19. Nf4 Rxf4 20. exf4 Nh6 21. Be3 Nb3 22. Bf2 Qd6 23. Rbe1 Qxf4 24. Re5 Nf5 25. Rxd5 Re8 26. Re5 Rxe5 27. dxe5 Qxe5 28. Re1 Qf6 29. Re8 b6 30. Rc8 Nc5 31. Bxc5 bxc5 32. Rxc5 Qxh4 33. Qe4 Qg5 34. Re5 Qc1+ 35. Qe1 Qxa3 36. g4 hxg4 37. fxg4 Nh6 38. g5 Nf5 39. Qd2 Qa1+ 40. Re1 Qa5 41. Qh2+ Kg8 42. Qf2 Qc7 43. Re8+ Kf7 44. Re4 a5 45. Qe2 Kg8 46. Qxc4+ Qxc4 47. Rxc4 Nd6 48. Ra4 Nf7 49. Rxa5 Kf8 50. Kf2 Ke7 51. Ke3 Ke6 52. Kf4 Nd6 53. Ra6 Kd5 54. Ra7 Nf5 55. Ra6 Nd6 56. Rb6 Kc5 57. Rb8 Kd5 58. Rd8 Ke6 59. Rg8 Nf5 60. Ra8 Kd5 61. Ra5+ Ke6 62. Re5+ Kd6 63. Rxf5 gxf5 64. Kxf5 1-0

[Event "Julius Baer Gen Cup D3 W"]
[Site "chess.com INT"]
[Date "2024.09.28"]
[Round "3.2"]
[White "Caruana, F.."]
[Black "Bharath, Subramaniyam H"]
[Result "1-0"]
[WhiteElo "2798"]
[BlackElo "2561"]
[PlyCount "79"]
[EventDate "2024.09.27"]
[EventType "k.o."]

1. d4 Nf6 2. c4 e6 3. Nc3 Bb4 4. Bg5 d5 5. e3 O-O 6. cxd5 exd5 7. Bd3 c6 8. Nge2 h6 9. Bh4 Nbd7 10. O-O Re8 11. Qc2 Nf8 12. Rae1 $146 ({RR} 12. a3 Bxc3 13. Nxc3 Qd6 14. Rae1 Ng4 15. Bg3 Qe7 16. f3 Nf6 17. e4 dxe4 18. fxe4 Nh5 19. Bf2 Nf4 20. Bc4 b5 21. Ba2 b4 22. axb4 Qxb4 23. Be3 N4e6 24. d5 Ng5 25. Bxg5 hxg5 26. dxc6 Be6 {Bach,N (2198)-Esadze,T (1972) Tornelo 2021 ½-½ (124)}) 12... Be7 13. f3 Ne6 14. Bf2 b6 15. Kh1 c5 16. dxc5 bxc5 17. Rd1 Qc7 18. Bg3 Qa5 19. Bb5 Ba6 20. Bxe8 Rxe8 21. Nxd5 Nxd5 22. Rxd5 Bf6 23. Rfd1 Qxa2 24. Nc3 Qc4 25. Be5 Bg5 26. f4 Bh4 27. Rd7 Bc8 28. Rxa7 Qb4 29. Nd5 Qb5 30. f5 Nf8 31. Nc7 Qb8 32. Nxe8 Qxe5 33. Nd6 Bd7 34. Qc4 Qf6 35. Nxf7 Qxf7 36. Qxf7+ Kxf7 37. Rdxd7+ Nxd7 38. Rxd7+ Kf6 39. Rd5 Bf2 40. e4 1-0

[Event "ITA-ch 70th"]
[Site "Siena"]
[Date "2010.11.26"]
[Round "4"]
[White "Caruana, Fabiano"]
[Black "Brunello, Sabino"]
[Result "1-0"]
[WhiteElo "2709"]
[BlackElo "2544"]
[PlyCount "100"]
[EventDate "2010.11.23"]
[EventType "tourn"]
[EventRounds "11"]
[EventCountry "ITA"]
[EventCategory "10"]
[SourceTitle "CBM 139 Extra"]
[Source "ChessBase"]
[SourceDate "2011.01.05"]
[SourceVersion "1"]
[SourceVersionDate "2011.01.05"]
[SourceQuality "1"]

1. d4 Nf6 2. c4 e6 3. Nc3 Bb4 4. e3 O-O 5. Nge2 b6 6. a3 Be7 7. e4 Bb7 8. Ng3 d5 9. cxd5 exd5 10. e5 Ne4 11. Bd3 f5 $146 ({RR} 11... c5 12. dxc5 Bxc5 13. Bxe4 dxe4 14. Qxd8 Rxd8 15. Ngxe4 Bd4 16. O-O Bxe5 17. Re1 Nc6 18. Be3 Na5 19. f4 Bc7 20. Rad1 h6 21. Kf2 Bc6 22. g3 Nc4 23. Bc1 f5 24. Nd2 b5 25. Nxc4 bxc4 26. Be3 {Lorenzo Duran,M (2167)-Rodriguez Boado,M (2163) Mondariz 2014 1-0 (72)}) ({RR} 11... c5 12. Bxe4 dxe4 13. dxc5 Qxd1+ 14. Kxd1 Bxc5 15. Ngxe4 Bd4 16. Bf4 Nd7 17. Kc2 Nxe5 18. Nd6 Bxg2 19. Rhg1 Bf3 20. Nf5 Bxc3 21. Ne7+ Kh8 22. Kxc3 Ng6 23. Nxg6+ fxg6 24. Be3 Rac8+ 25. Kb4 Rc2 26. b3 {Anderton,P (2008)-Goldenstein,A (1942) Cologne 2006 ½-½ (65)}) 12. f3 c5 13. fxe4 fxe4 14. Bb5 cxd4 15. Nce2 d3 16. Nd4 Bc5 17. Be3 Bxd4 18. Bxd4 Bc6 19. Ba4 Qg5 20. Bb3 Nd7 21. Qd2 Qg6 22. Rc1 Rae8 23. Rf1 Rxf1+ 24. Kxf1 Nxe5 25. Kg1 Nc4 26. Bxc4 dxc4 27. Rxc4 e3 28. Bxe3 Qe6 29. Rxc6 Qxc6 30. Qxd3 Qe6 31. Bd2 Qe5 32. Bc3 Qc5+ 33. Qd4 Qxd4+ 34. Bxd4 g6 35. Kf2 Kf7 36. Kf3 Ke6 37. Ne4 h5 38. Nc3 Kf5 39. h3 Rd8 40. g4+ Ke6 41. Ke4 hxg4 42. hxg4 Rd7 43. Ne2 Kf7 44. Nf4 Re7+ 45. Be5 Rd7 46. Nd3 Ke6 47. Bc3 Re7 48. g5 Rc7 49. Ne5 Rc5 50. Kf4 Kd5 1-0

[Event "Titled Tue 29th Nov Late"]
[Site "chess.com INT"]
[Date "2022.11.29"]
[Round "5"]
[White "Caruana, F.."]
[Black "Cardoso Cardoso, Jose Gabriel"]
[Result "1-0"]
[WhiteElo "2766"]
[BlackElo "2483"]
[PlyCount "87"]
[EventDate "2022.11.29"]

1. d4 Nf6 2. c4 e6 3. Nc3 Bb4 4. e3 O-O 5. a3 Bxc3+ 6. bxc3 c5 7. Bd3 Nc6 8. Nf3 d5 ({RR} 8... b6 9. e4 Ne8 10. d5 Na5 11. e5 h6 12. h4 d6 13. Bf4 dxe5 14. Nxe5 exd5 15. cxd5 Qf6 16. Bg3 Nd6 17. O-O Bf5 18. c4 Rfe8 19. Re1 Bxd3 20. Qxd3 Nf5 21. Rad1 Nxg3 22. Qxg3 Nb7 23. Ng4 {Grischuk,A (2758)-Matlakov,M (2674) Chess.com INT 2022 1-0 (34)}) ({RR} 8... h6 9. O-O cxd4 10. cxd4 d5 11. Bd2 Re8 12. Qc2 Bd7 13. Rfb1 b6 14. c5 Rc8 15. cxb6 Nxd4 16. Qd1 Nxf3+ 17. Qxf3 axb6 18. Bb4 Bc6 19. Qg3 e5 20. Rc1 Bd7 21. h3 Nh5 22. Qh2 Qg5 23. Ba6 {Ptak,M-Orlowski,A (1406) Wroclaw POL 2024 0-1 (38)}) 9. cxd5 exd5 10. O-O Re8 $146 ({RR} 10... Bg4 11. a4 Re8 12. Ba3 c4 13. Bb1 Qd7 14. Qc2 Bxf3 15. gxf3 g6 16. Qd1 Ne7 17. Bxe7 Rxe7 18. Kh1 Kh8 19. Rg1 Nh5 20. Qf1 Re6 21. Qh3 Rd6 22. Qxd7 Rxd7 23. a5 f5 24. Bc2 Nf6 25. Rab1 {Migchels,A-Werle,J (2338) Zwolle 2001 ½-½ (51)}) 11. h3 c4 12. Bc2 Ne4 13. Bb2 Bf5 14. Nd2 Bg6 15. a4 a6 16. Re1 Na5 17. Nxe4 Bxe4 18. f3 Bxc2 19. Qxc2 Nb3 20. Ra2 Qg5 21. Qf2 f5 22. Ba3 Re6 23. h4 Qg6 24. Rae2 Rae8 25. Kh2 Qh6 26. Kg1 Qg6 27. Kh1 h6 28. Kh2 Kh7 29. Qg3 Qh5 30. Bd6 Rg6 31. Qf4 Rf6 32. Be5 Rf7 33. Qg3 g5 34. Rh1 Rg8 35. Kg1 g4 36. Kf2 gxf3 37. Qxf3 Rg4 38. Qxd5 f4 39. Qe4+ Kg8 40. exf4 b5 41. axb5 axb5 42. Ra2 Rf8 43. Ra7 Rg6 44. Qd5+ 1-0